000 00818nas a2200253 4500
001 BR8802919
003 BR-BrBNA
005 20231205091143.0
007 ta
008 230509b bl.|||p| |||| 00| 00por d
040 _aBR-BrBNA
_bpor
_cBiblioteca Nacional de Agricultura
041 _a(Pt)
072 _aL73
100 1 _aPiza, E. de T.
100 1 _aEsteves, M. das G.V.
245 1 _aCarcinoma epidermoide com provavel origem em seio maxilar e/ou frontal num equino
246 1 _aSquamous cell carcinoma of para-nasal sinuses in a horse
650 _aCAVALO
650 _aCARCINOMA
650 _aCABECA
773 0 _tArquivos Fluminenses de Medicina Veterinaria (Brazil)
_xISSN 0102-7794
_g(Jan-Jun 1986), v. 1(1) p. 7-10
_wBR8802919
909 _a202311
_bLúcia
_c55
_dLúcia Elande
942 _2AGRIS
_n0
_cANA
999 _c123182
_d123182